<?xml version="1.0" encoding="UTF-8"?>
<record
    xmlns:xsi="http://www.w3.org/2001/XMLSchema-instance"
    xsi:schemaLocation="http://www.loc.gov/MARC21/slim http://www.loc.gov/standards/marcxml/schema/MARC21slim.xsd"
    xmlns="http://www.loc.gov/MARC21/slim">

  <leader>00818    a2200217   4500</leader>
  <controlfield tag="003">NALT</controlfield>
  <controlfield tag="005">20220802153822.0</controlfield>
  <controlfield tag="008">190205b           ||||| |||| 00| 0 tha d</controlfield>
  <datafield tag="020" ind1=" " ind2=" ">
    <subfield code="a">9786163272027</subfield>
  </datafield>
  <datafield tag="040" ind1=" " ind2=" ">
    <subfield code="a">NALT</subfield>
  </datafield>
  <datafield tag="050" ind1=" " ind2=" ">
    <subfield code="a">AM 43.L6</subfield>
    <subfield code="b">&#xE2D;972&#xE25; 2561</subfield>
  </datafield>
  <datafield tag="100" ind1="0" ind2=" ">
    <subfield code="a">&#xE42;&#xE2D;&#xE4A;&#xE15; &#xE21;&#xE13;&#xE40;&#xE11;&#xE35;&#xE22;&#xE23; </subfield>
    <subfield code="9">37010</subfield>
  </datafield>
  <datafield tag="245" ind1="1" ind2="0">
    <subfield code="a">London Museums /</subfield>
    <subfield code="c">&#xE42;&#xE2D;&#xE4A;&#xE15; &#xE21;&#xE13;&#xE40;&#xE11;&#xE35;&#xE22;&#xE23;.</subfield>
  </datafield>
  <datafield tag="250" ind1=" " ind2=" ">
    <subfield code="a">&#xE1E;&#xE34;&#xE21;&#xE1E;&#xE4C;&#xE04;&#xE23;&#xE31;&#xE49;&#xE07;&#xE41;&#xE23;&#xE01;</subfield>
  </datafield>
  <datafield tag="260" ind1=" " ind2=" ">
    <subfield code="a">&#xE01;&#xE23;&#xE38;&#xE07;&#xE40;&#xE17;&#xE1E;&#xE2F; :</subfield>
    <subfield code="b">&#xE40;&#xE14;&#xE22;&#xE4C; &#xE42;&#xE1E;&#xE40;&#xE2D;&#xE17;&#xE2A;&#xE4C;,</subfield>
    <subfield code="c">2561.</subfield>
  </datafield>
  <datafield tag="300" ind1=" " ind2=" ">
    <subfield code="a">225 &#xE2B;&#xE19;&#xE49;&#xE32; :</subfield>
    <subfield code="b">&#xE20;&#xE32;&#xE1E;&#xE1B;&#xE23;&#xE30;&#xE01;&#xE2D;&#xE1A; ;</subfield>
    <subfield code="c">21 &#xE0B;&#xE21;.</subfield>
  </datafield>
  <datafield tag="650" ind1=" " ind2="4">
    <subfield code="9">37011</subfield>
    <subfield code="a">&#xE1E;&#xE34;&#xE1E;&#xE34;&#xE18;&#xE20;&#xE31;&#xE13;&#xE11;&#xE4C; </subfield>
    <subfield code="z">&#xE2D;&#xE31;&#xE07;&#xE01;&#xE24;&#xE29;</subfield>
    <subfield code="z">&#xE25;&#xE2D;&#xE19;&#xE14;&#xE2D;&#xE19; </subfield>
  </datafield>
  <datafield tag="850" ind1=" " ind2=" ">
    <subfield code="a">NALT</subfield>
  </datafield>
  <datafield tag="942" ind1=" " ind2=" ">
    <subfield code="2">lcc</subfield>
    <subfield code="c">GB</subfield>
  </datafield>
  <datafield tag="998" ind1=" " ind2=" ">
    <subfield code="a">phon</subfield>
    <subfield code="b">phon</subfield>
    <subfield code="c">phon</subfield>
    <subfield code="j">111</subfield>
    <subfield code="k"> &#xE19;&#xE32;&#xE07;&#xE2A;&#xE32;&#xE27;&#xE1E;&#xE08;&#xE1E;&#xE34;&#xE13;  &#xE1E;&#xE23;&#xE21;&#xE40;&#xE2D;&#xE35;&#xE48;&#xE22;&#xE21;</subfield>
  </datafield>
  <datafield tag="999" ind1=" " ind2=" ">
    <subfield code="c">95557</subfield>
    <subfield code="d">95557</subfield>
  </datafield>
  <datafield tag="952" ind1=" " ind2=" ">
    <subfield code="0">0</subfield>
    <subfield code="1">0</subfield>
    <subfield code="2">lcc</subfield>
    <subfield code="4">0</subfield>
    <subfield code="7">0</subfield>
    <subfield code="8">CGBL</subfield>
    <subfield code="a">NALT</subfield>
    <subfield code="b">NALT</subfield>
    <subfield code="d">2019-01-30</subfield>
    <subfield code="e">1</subfield>
    <subfield code="l">6</subfield>
    <subfield code="m">4</subfield>
    <subfield code="o">AM 43.L6 &#xE2D;972&#xE25; 2561</subfield>
    <subfield code="p">3961209047</subfield>
    <subfield code="r">2022-08-16 00:00:00</subfield>
    <subfield code="s">2022-08-02</subfield>
    <subfield code="w">2019-01-30</subfield>
    <subfield code="y">GB</subfield>
  </datafield>
</record>
